<?xml version="1.0" encoding="UTF-8"?>
<record
    xmlns:xsi="http://www.w3.org/2001/XMLSchema-instance"
    xsi:schemaLocation="http://www.loc.gov/MARC21/slim http://www.loc.gov/standards/marcxml/schema/MARC21slim.xsd"
    xmlns="http://www.loc.gov/MARC21/slim">

  <leader>02820nam a2200445 i 4500</leader>
  <controlfield tag="001">193172</controlfield>
  <controlfield tag="003">SpMaBN</controlfield>
  <controlfield tag="005">20240827063033.0</controlfield>
  <controlfield tag="007">ta</controlfield>
  <controlfield tag="008">230328s2023    sp     | |||| 000 f spa  </controlfield>
  <datafield tag="017" ind1=" " ind2=" ">
    <subfield code="a">B 809-2023</subfield>
    <subfield code="b">Oficina Dep&#xF3;sito Legal Barcelona</subfield>
  </datafield>
  <datafield tag="020" ind1=" " ind2=" ">
    <subfield code="a">9788420475837</subfield>
  </datafield>
  <datafield tag="035" ind1=" " ind2=" ">
    <subfield code="a">a7247935</subfield>
  </datafield>
  <datafield tag="040" ind1=" " ind2=" ">
    <subfield code="a">SpMaBN</subfield>
    <subfield code="b">spa</subfield>
    <subfield code="c">SpMaBN</subfield>
    <subfield code="e">rda</subfield>
  </datafield>
  <datafield tag="080" ind1=" " ind2=" ">
    <subfield code="a">821.134.2-31"19"</subfield>
  </datafield>
  <datafield tag="100" ind1="1" ind2=" ">
    <subfield code="a">Montero, Rosa,</subfield>
    <subfield code="d">1951-</subfield>
    <subfield code="e">aut</subfield>
    <subfield code="9">82503</subfield>
  </datafield>
  <datafield tag="245" ind1="1" ind2="3">
    <subfield code="a">La desconocida /</subfield>
    <subfield code="c">Rosa Montero, Olivier Truc ; traducci&#xF3;n del franc&#xE9;s de Juan Carlos Dur&#xE1;n Romero</subfield>
  </datafield>
  <datafield tag="250" ind1=" " ind2=" ">
    <subfield code="a">Primera edici&#xF3;n en castellano: marzo de 2023, primera reimpresi&#xF3;n: mayo de 2023</subfield>
  </datafield>
  <datafield tag="264" ind1=" " ind2="1">
    <subfield code="a">[Barcelona] :</subfield>
    <subfield code="b">Alfaguara,</subfield>
    <subfield code="c">2023</subfield>
  </datafield>
  <datafield tag="300" ind1=" " ind2=" ">
    <subfield code="a">156 p&#xE1;ginas ;</subfield>
    <subfield code="c">24 cm</subfield>
  </datafield>
  <datafield tag="336" ind1=" " ind2=" ">
    <subfield code="a">Texto</subfield>
    <subfield code="2">rdacontent</subfield>
  </datafield>
  <datafield tag="337" ind1=" " ind2=" ">
    <subfield code="a">sin mediaci&#xF3;n</subfield>
    <subfield code="2">rdamedia</subfield>
  </datafield>
  <datafield tag="338" ind1=" " ind2=" ">
    <subfield code="a">volumen</subfield>
    <subfield code="2">rdacarrier</subfield>
  </datafield>
  <datafield tag="490" ind1="1" ind2=" ">
    <subfield code="a">Negra Alfaguara</subfield>
  </datafield>
  <datafield tag="490" ind1="1" ind2=" ">
    <subfield code="a">Narrativa hisp&#xE1;nica / internacional</subfield>
  </datafield>
  <datafield tag="520" ind1=" " ind2=" ">
    <subfield code="a">Es de noche y en el puerto de Barcelona un guardia hace su ronda cuando su pastora alemana se para en seco a olfatear desesperadamente un contenedor. Al llegar, los mossos hallan en su interior a una mujer inconsciente y deshidratada. Tiene una brecha en la sien, quemaduras en la cara y el cuerpo, y no recuerda quien es ni cu&#xE1;l es su lengua materna, pero est&#xE1; viva. Mientras se recupera en el Hospital Cl&#xED;nic, un hombre intenta asesinarla. La inspectora Anna Ripoll, experta en trata de mujeres, parece haber dado con su identidad y su direcci&#xF3;n: Alicia Garone; 19, rue du Chariot, Lyon. En la ciudad francesa el inspector Erik Zapori busca el modo de librarse de la investigaci&#xF3;n a la que asuntos internos lo est&#xE1; sometiendo por delitos de corrupci&#xF3;n y proxenetismo. Nada mejor que viajar a Espa&#xF1;a a ayudar en la resoluci&#xF3;n de este caso, aunque pueda ser el m&#xE1;s complejo de su vida.

Rosa Montero, una de las autoras m&#xE1;s queridas y premiadas en lengua espa&#xF1;ola, vuelve a la novela negra, esta vez acompa&#xF1;ada por Olivier Truc, ganador del Premio Quais du Polar, el m&#xE1;s prestigioso galard&#xF3;n frances del g&#xE9;nero polic&#xED;aco.</subfield>
  </datafield>
  <datafield tag="655" ind1=" " ind2="7">
    <subfield code="a">Novelas negras</subfield>
    <subfield code="9">226784</subfield>
  </datafield>
  <datafield tag="700" ind1="1" ind2=" ">
    <subfield code="a">Truc, Olivier,</subfield>
    <subfield code="d">1964-</subfield>
    <subfield code="9">234255</subfield>
    <subfield code="e">aut</subfield>
  </datafield>
  <datafield tag="700" ind1="1" ind2=" ">
    <subfield code="a">Dur&#xE1;n Romero, Juan Carlos</subfield>
    <subfield code="9">234256</subfield>
    <subfield code="e">trl</subfield>
  </datafield>
  <datafield tag="830" ind1=" " ind2=" ">
    <subfield code="a">Negra Alfaguara</subfield>
    <subfield code="9">234257</subfield>
  </datafield>
  <datafield tag="830" ind1=" " ind2=" ">
    <subfield code="9">221234</subfield>
    <subfield code="a">Narrativa hisp&#xE1;nica</subfield>
  </datafield>
  <datafield tag="852" ind1=" " ind2=" ">
    <subfield code="a">ES-MaACL</subfield>
    <subfield code="9">200542 </subfield>
    <subfield code="b">R.154600</subfield>
    <subfield code="j">N-9359</subfield>
    <subfield code="c">DEPOJ</subfield>
    <subfield code="g">Dedicatoria aut&#xF3;grafa de la autora</subfield>
    <subfield code="h">Donaci&#xF3;n: Rosa Montero</subfield>
    <subfield code="x">Encuadernaci&#xF3;n r&#xFA;stica con solapas (incluye faja)</subfield>
  </datafield>
  <datafield tag="903" ind1=" " ind2=" ">
    <subfield code="a">Montero, Rosa,</subfield>
    <subfield code="d">1951-</subfield>
    <subfield code="e">dnr</subfield>
    <subfield code="9">82503</subfield>
  </datafield>
  <datafield tag="942" ind1=" " ind2=" ">
    <subfield code="n">0</subfield>
    <subfield code="c">MONOGRAFIA</subfield>
  </datafield>
  <datafield tag="999" ind1=" " ind2=" ">
    <subfield code="c">193172</subfield>
    <subfield code="d">193172</subfield>
  </datafield>
  <datafield tag="952" ind1=" " ind2=" ">
    <subfield code="0">0</subfield>
    <subfield code="1">0</subfield>
    <subfield code="2">udc</subfield>
    <subfield code="4">0</subfield>
    <subfield code="7">0</subfield>
    <subfield code="8">Librosdedicados</subfield>
    <subfield code="a">ATENEOM</subfield>
    <subfield code="b">ATENEOM</subfield>
    <subfield code="c">DEPOJ</subfield>
    <subfield code="d">2023-09-28</subfield>
    <subfield code="e">DONACION</subfield>
    <subfield code="j">1</subfield>
    <subfield code="l">0</subfield>
    <subfield code="o">N-9359</subfield>
    <subfield code="p">101205837</subfield>
    <subfield code="r">2023-09-28 00:00:00</subfield>
    <subfield code="y">MONOGRAFIA</subfield>
    <subfield code="z">Dedicatoria aut&#xF3;grafa de la autora</subfield>
  </datafield>
</record>
